[Event "Vellmar Int 4th op  A"]
[Site "Vellmar"]
[Date "2012.07.29"]
[Round "7.17"]
[White "Stuckenschneider, Martin"]
[Black "Kobs, Stephan"]
[Result "0-1"]
[WhiteElo "1965"]
[BlackElo "2035"]
[PlyCount "132"]
[EventDate "2012.07.26"]
[EventType "swiss"]
[EventRounds "7"]
[EventCountry "GER"]

{DWZ: 1761 - 1898} 1. d4 Nf6 2. c4 c5 3. d5 b5 4. cxb5 a6 5. bxa6 Bxa6 6. Nc3
d6 7. Nf3 g6 8. g3 Bg7 9. Bg2 Nbd7 10. O-O Nb6 11. Re1 O-O 12. e4 Nfd7 13. Qc2
Nc4 14. Bf4 Qa5 15. Rac1 Rfb8 16. b3 Nce5 17. Nxe5 Nxe5 18. Red1 c4 19. bxc4
Nxc4 20. Bf1 Rb2 21. Qa4 Bxc3 22. Qxa5 Bxa5 23. Bxc4 Bxc4 24. Rxc4 Bb6 25. Rd2
Rxd2 26. Bxd2 Rxa2 27. Be3 Bxe3 28. fxe3 Kg7 29. e5 dxe5 30. Rc7 Rd2 31. e4 Rd4
32. Rxe7 Rxe4 33. Ra7 Rd4 34. Ra5 Rd2 35. g4 Kf6 36. h4 Rd4 37. g5+ Kf5 38. Ra7
Rxh4 39. Rxf7+ Kxg5 40. d6 h5 41. d7 Rd4 42. Kf2 Kg4 43. Rf6 g5 44. Rf7 h4 45.
Re7 Kf5 46. Rf7+ Ke6 47. Rg7 Rxd7 48. Rxg5 Rd4 49. Rh5 Rf4+ 50. Ke3 Kd5 51. Rh8
Ra4 52. Rd8+ Ke6 53. Re8+ Kf5 54. Rf8+ Kg4 55. Rg8+ Kh3 56. Re8 Ra1 57. Kf2
Ra2+ 58. Kf3 Ra3+ 59. Kf2 Ra5 60. Rg8 Ra4 61. Rg5 Rf4+ 62. Ke3 Rg4 63. Rxe5 Kg2
64. Ra5 h3 65. Ra2+ Kg3 66. Ke2 h2 0-1

[Event "Vellmar Int 4th op  A"]
[Site "Vellmar"]
[Date "2012.07.29"]
[Round "7.18"]
[White "Ziegenfuss, Holger"]
[Black "Scholz, Robert"]
[Result "1/2-1/2"]
[WhiteElo "2021"]
[BlackElo "1856"]
[PlyCount "67"]
[EventDate "2012.07.26"]
[EventType "swiss"]
[EventRounds "7"]
[EventCountry "GER"]

{DWZ: 1942 - 1819(geb.1999)} 1. c4 e5 2. g3 Nc6 3. Bg2 f5 4. d3 Nf6 5. Bg5 h6
6. Bxf6 Qxf6 7. a3 g6 8. Nc3 Bg7 9. Nd5 Qd8 10. b4 Ne7 11. Rc1 c6 12. Nxe7 Qxe7
13. Qb3 O-O 14. Nf3 d6 15. O-O Be6 16. Nd2 Rfd8 17. Rc2 g5 18. b5 d5 19. cxd5
cxd5 20. Rfc1 Kh7 21. a4 e4 22. a5 Qd6 23. a6 exd3 24. Qxd3 bxa6 25. Rc6 Qd7
26. bxa6 Rac8 27. Qb5 Rxc6 28. Qxc6 Rc8 29. Qxc8 Qxc8 30. Rxc8 Bxc8 31. Bxd5
Bxa6 32. Kf1 Bb5 33. Ke1 Bc3 34. Kd1 1/2-1/2

[Event "Vellmar Int 4th op  A"]
[Site "Vellmar"]
[Date "2012.07.29"]
[Round "7.19"]
[White "Plueg, Andreas"]
[Black "Lechnauer, Uwe"]
[Result "1-0"]
[WhiteElo "2303"]
[BlackElo "1939"]
[PlyCount "91"]
[EventDate "2012.07.26"]
[EventType "swiss"]
[EventRounds "7"]
[EventCountry "GER"]

{DWZ: 2292(FM) - 1839} 1. d4 d5 2. Nf3 e6 3. e3 f5 4. c4 c6 5. Be2 Bd6 6. O-O
Nf6 7. b3 Ne4 8. Qc2 O-O 9. Ba3 Rf6 10. Bxd6 Nxd6 11. Nbd2 Ne4 12. Ne5 Rh6 13.
f4 Nd7 14. Ndf3 Ndf6 15. Ng5 Qe7 16. Ngf7 Rh4 17. g3 Ng4 18. Bxg4 Rxg4 19. Nxg4
Qxf7 20. Ne5 Qh5 21. c5 Nf6 22. Qd1 Ng4 23. Nxg4 Qxg4 24. Qxg4 fxg4 25. e4 Kf7
26. Rfe1 Bd7 27. Kf2 g6 28. Ke3 h5 29. Re2 Rh8 {(=)} 30. b4 Ke7 31. Rb1 a6 32.
Rh1 Kf6 33. a3 Kg7 34. e5 Ra8 35. Rb2 Rh8 36. h3 gxh3 37. Rxh3 Be8 38. Rbh2 Bf7
39. g4 Rh7 40. Rh1 Rh6 41. gxh5 Rxh5 42. Rxh5 gxh5 43. f5 exf5 44. Kf4 Kf8 45.
Kxf5 Ke7 46. Kg5 1-0

[Event "Vellmar Int 4th op  A"]
[Site "Vellmar"]
[Date "2012.07.29"]
[Round "7.20"]
[White "Von Kiedrowski, Klemens"]
[Black "Blank, Stefan"]
[Result "1-0"]
[WhiteElo "2076"]
[BlackElo "1903"]
[PlyCount "51"]
[EventDate "2012.07.26"]
[EventType "swiss"]
[EventRounds "7"]
[EventCountry "GER"]

{DWZ: 1935 - 1762} 1. d4 Nf6 2. Nc3 g6 3. e4 d6 4. Be2 Bg7 5. Be3 O-O 6. h4 h6
7. g4 Ne8 8. Qd2 Kh7 9. f4 e6 10. h5 gxh5 11. g5 Rh8 12. Bxh5 Kg8 13. Nf3 f6
14. O-O-O Nc6 15. d5 Ne7 16. dxe6 Bxe6 17. f5 Bd7 18. gxh6 Rh7 19. Rdg1 Kf8 20.
Bg6 Nxg6 21. fxg6 Rxh6 22. Bxh6 Be6 23. Bxg7+ Nxg7 24. Rh8+ Bg8 25. Rxg8+ Kxg8
26. Qd5+ 1-0

[Event "Vellmar Int 4th op  A"]
[Site "Vellmar"]
[Date "2012.07.29"]
[Round "7.21"]
[White "Schuhmacher, Jakob"]
[Black "Giese, Tilman"]
[Result "1/2-1/2"]
[WhiteElo "1945"]
[BlackElo "2067"]
[PlyCount "117"]
[EventDate "2012.07.26"]
[EventType "swiss"]
[EventRounds "7"]
[EventCountry "GER"]

{DWZ: 1984(geb.1997) - 1987} 1. d4 Nf6 2. c4 g6 3. Nc3 Bg7 4. e4 d6 5. Nf3 Nbd7
6. Qc2 e5 7. d5 O-O 8. Be2 Qe7 9. Rb1 a5 10. a3 Nc5 11. Nd2 Ng4 12. Bxg4 Bxg4
13. f3 Bd7 14. Nb3 f5 15. Nxc5 dxc5 16. Be3 b6 17. a4 Rad8 18. Rd1 Kh8 19. b3 {
(=)} g5 20. Qd2 f4 21. Bf2 Rf6 22. h3 Rh6 23. Ke2 Bf8 24. Kd3 Qf7 25. Kc2 Be7
26. Ne2 Kg7 27. Nc3 Rg8 28. Qc1 Kf8 29. Kb1 Ke8 30. Ne2 Kd8 31. Nc3 Kc8 32. Ne2
Rhg6 33. Nc3 Kb8 34. Rdg1 h5 35. Qd1 R8g7 36. Ne2 Qg8 37. Qf1 g4 38. hxg4 hxg4
39. Kc1 Kb7 40. Kc2 Rh7 41. Be1 Qh8 42. Rxh7 Qxh7 43. Rh1 Rh6 44. Rxh6 Qxh6 45.
Qg1 Be8 46. Qf2 gxf3 47. gxf3 Qh1 48. Ng1 Bh5 49. Kd1 Be8 50. Ke2 Bd7 51. Qf1
Bf6 52. Qf2 Kc8 53. Qf1 Kd8 54. Qf2 Ke7 55. Qf1 Kf7 56. Qf2 Kg6 57. Qf1 Kh5 58.
Qf2 Bc8 59. Qf1 1/2-1/2

[Event "Vellmar Int 4th op  A"]
[Site "Vellmar"]
[Date "2012.07.29"]
[Round "7.22"]
[White "Schaefer, Annabelle"]
[Black "Brueckmann, Gerd"]
[Result "1-0"]
[WhiteElo "1860"]
[BlackElo "2048"]
[PlyCount "69"]
[EventDate "2012.07.26"]
[EventType "swiss"]
[EventRounds "7"]
[EventCountry "GER"]

{DWZ: 1850(geb.1997) - 1858} 1. e4 e6 2. d4 d5 3. Nc3 Nf6 4. e5 Nfd7 5. f4 c5
6. Nf3 Nc6 7. Be3 Qb6 8. Na4 Qa5+ 9. c3 cxd4 10. b4 Nxb4 11. cxb4 Bxb4+ 12. Bd2
Bxd2+ 13. Nxd2 b5 14. Nb2 Nb6 15. a4 Qc3 16. Bxb5+ Bd7 17. Qb3 Rb8 18. h4 O-O
19. Rh3 Qa5 20. Qd3 Rfc8 21. Nd1 Rc5 22. Qxd4 Rbc8 23. Rb1 Rc2 24. Bxd7 Nxd7
25. Rb5 Qc7 26. Rb2 Rc1 27. Rhb3 Rxd1+ 28. Kxd1 Qc1+ 29. Ke2 Qh1 30. Qf2 g6 31.
Rb1 Rc1 32. Rxc1 Qxc1 33. Qxa7 Nc5 34. Rb8+ Kg7 35. Qe7 1-0

[Event "Vellmar Int 4th op  A"]
[Site "Vellmar"]
[Date "2012.07.29"]
[Round "7.25"]
[White "Reimers, Juri"]
[Black "Kaplunov, Vadym"]
[Result "1/2-1/2"]
[WhiteElo "1720"]
[BlackElo "1985"]
[PlyCount "118"]
[EventDate "2012.07.26"]
[EventType "swiss"]
[EventRounds "7"]
[EventCountry "GER"]

{DWZ: 1753(geb.1999) - 1936(geb.1936)} 1. c4 c5 2. g3 g6 3. Bg2 Bg7 4. Nc3 Nc6
5. d3 e6 6. Nf3 Nge7 7. O-O O-O 8. Bd2 h6 9. Rb1 Rb8 10. a3 a5 11. Nb5 d6 12.
b4 axb4 13. axb4 b6 14. Ne1 Bb7 15. bxc5 bxc5 16. Bc3 e5 17. e4 f5 18. f4 Nd4
19. Nc2 Qd7 20. Bxd4 exd4 21. Re1 Bc6 22. Nca3 Kh8 23. Qe2 fxe4 24. dxe4 Rfe8
25. Qd2 {(=)} Ng8 26. Re2 Nf6 27. Rbe1 Ng4 28. Bh3 h5 29. Bxg4 hxg4 30. Qd3 Ba8
31. Nb1 Re6 32. Nd2 Rbe8 33. Kf2 Bf6 34. Kg1 Bd8 35. Qa3 Bc6 36. Na7 Bb7 37.
Nb5 Bf6 38. Qd3 Kg7 39. Nf1 {(=)} Ra8 40. Rb1 Rae8 41. Nd2 Bc6 42. Na3 Ra8 43.
Rbe1 Ra4 44. Rb1 Bd8 45. Rb3 Ba5 46. Nab1 Bb4 47. Rb2 Ba8 48. Nb3 Qc6 49. N1d2
Qb7 50. Kf2 Ra6 51. Nb1 Ra7 52. N1d2 {(=)} Bxd2 53. Nxc5 Be3+ 54. Kg2 Qe7 55.
Nxe6+ Qxe6 56. Rxe3 dxe3 57. Qd4+ Kh6 58. Qh8+ Rh7 59. Qf8+ Rg7 1/2-1/2

[Event "Vellmar Int 4th op  A"]
[Site "Vellmar"]
[Date "2012.07.29"]
[Round "7.27"]
[White "Lenz, Jonas"]
[Black "Heckmann, Torsten"]
[Result "1/2-1/2"]
[WhiteElo "1952"]
[BlackElo "1929"]
[PlyCount "27"]
[EventDate "2012.07.26"]
[EventType "swiss"]
[EventRounds "7"]
[EventCountry "GER"]

{DWZ: 1825(geb.1995) - 1702} 1. e4 d5 2. exd5 Qxd5 3. Nc3 Qd6 4. d4 Nf6 5. Be2
a6 6. a4 Nc6 7. Be3 Bf5 8. Nf3 Nb4 9. Rc1 Nbd5 10. Nxd5 Nxd5 11. O-O e6 12. c3
Be7 13. Ne5 Nxe3 14. fxe3 1/2-1/2

[Event "Vellmar Int 4th op  A"]
[Site "Vellmar"]
[Date "2012.07.29"]
[Round "7.29"]
[White "Knoth, Eugen"]
[Black "Rueggeberg, Jan"]
[Result "1/2-1/2"]
[WhiteElo "2019"]
[BlackElo "1874"]
[PlyCount "92"]
[EventDate "2012.07.26"]
[EventType "swiss"]
[EventRounds "7"]
[EventCountry "GER"]

{DWZ: 1854 - 1791} 1. b3 b6 2. Bb2 Bb7 3. c4 e6 4. e3 Nf6 5. Nf3 Be7 6. Be2 O-O
7. O-O Ne4 8. d3 Bf6 9. Qc2 Bxb2 10. Qxb2 Qf6 11. Qxf6 Nxf6 12. Nc3 Nc6 13.
Rac1 Ne7 14. Nd2 Rfd8 {(=)} 15. e4 c5 16. f4 d5 17. Bf3 Rd7 18. e5 {(=)} Ne8
19. Rcd1 Rad8 20. Rfe1 Bc6 21. Nf1 dxc4 22. Bxc6 Nxc6 23. dxc4 Nd4 24. Ne3 h5
25. Kf2 g6 26. Ne2 Ng7 27. h3 h4 28. Nxd4 Rxd4 29. Kf3 Nh5 30. Rxd4 Rxd4 31.
Ng4 Nxf4 32. Rf1 g5 33. Nf6+ Kg7 34. Ne4 Kg6 35. Re1 Nd3 36. Re3 Nxe5+ 37. Ke2
f6 38. Nc3 Kf5 39. Nb5 Rd7 40. Nc3 Ng6 41. Ne4 Rd4 42. g4+ Ke5 43. Nxc5+ Kd6
44. Nxe6 Nf4+ 45. Nxf4 {(=)} Rxf4 46. Rd3+ Ke7 1/2-1/2

[Event "Vellmar Int 4th op  A"]
[Site "Vellmar"]
[Date "2012.07.29"]
[Round "7.30"]
[White "Sieber, Fiona"]
[Black "Weber, Andreas"]
[Result "1-0"]
[WhiteElo "1781"]
[BlackElo "1881"]
[PlyCount "69"]
[EventDate "2012.07.26"]
[EventType "swiss"]
[EventRounds "7"]
[EventCountry "GER"]

{DWZ: 1816(geb.2000) - 1714} 1. e4 e5 2. Nf3 f5 3. Nxe5 Qf6 4. Nc4 fxe4 5. Nc3
Qf7 6. Ne3 c6 7. d3 exd3 8. Bxd3 d5 9. O-O Bd6 10. Ng4 Ne7 11. f4 Bxg4 12. Qxg4
Nd7 13. Bd2 O-O-O 14. Rae1 Kc7 15. Ne2 h5 16. Qh3 c5 17. Nc3 a6 18. Kh1 c4 19.
Be2 g6 20. b3 d4 21. Bxc4 Qf5 22. Qxf5 gxf5 23. Ne2 b5 24. Bd3 Bc5 25. Nxd4 Nf6
26. Ne6+ Kb8 27. Nxc5 Ng6 28. Bc3 Rd6 29. Bxf6 Rg8 30. Bxf5 Rd2 31. g3 h4 32.
Bc3 Rdd8 33. g4 Ka7 34. Re6 Nxf4 35. Rxa6+ 1-0

[Event "Vellmar Int 4th op  A"]
[Site "Vellmar"]
[Date "2012.07.29"]
[Round "7.31"]
[White "Rolf, Marco"]
[Black "Wegelin, Reinhard"]
[Result "0-1"]
[WhiteElo "1888"]
[BlackElo "1958"]
[PlyCount "60"]
[EventDate "2012.07.26"]
[EventType "swiss"]
[EventRounds "7"]
[EventCountry "GER"]

{DWZ: 1794 - 1981(SUI)} 1. d4 Nf6 2. c4 Nc6 3. Nc3 e5 4. d5 Ne7 5. e4 Ng6 6.
Nf3 Bb4 7. Qc2 Bxc3+ 8. bxc3 d6 9. Be2 b6 10. a4 a5 11. O-O O-O 12. Ne1 Qe7 13.
c5 bxc5 14. Bb5 Nh5 15. f3 f5 16. Bc6 Rb8 17. Bd2 fxe4 18. fxe4 Rxf1+ 19. Kxf1
Ba6+ 20. c4 Rf8+ 21. Nf3 Nh4 22. Ra3 Bc8 23. Kg1 Bg4 24. Nxh4 Qxh4 25. Bxa5 Nf4
26. g3 Nh3+ 27. Kh1 Qf6 28. Qg2 Qf1+ 29. Qxf1 Rxf1+ 30. Kg2 Rg1# 0-1

[Event "Vellmar Int 4th op  A"]
[Site "Vellmar"]
[Date "2012.07.29"]
[Round "7.32"]
[White "Schirra, Maurice"]
[Black "Hefner, Felix"]
[Result "0-1"]
[WhiteElo "1617"]
[BlackElo "1847"]
[PlyCount "120"]
[EventDate "2012.07.26"]
[EventType "swiss"]
[EventRounds "7"]
[EventCountry "GER"]

{DWZ: 1603(geb.2001) - 1740} 1. e4 e5 2. Nf3 d6 3. d4 Nd7 4. Nc3 Ngf6 5. Bg5
Be7 6. Bc4 exd4 7. Qxd4 Nb6 8. Bb3 O-O 9. O-O Re8 10. Rad1 c5 11. Qd3 Qc7 12.
Bd5 h6 13. Bf4 Nbxd5 14. Nxd5 Nxd5 15. Qxd5 Be6 16. Qd3 Rad8 17. c4 Qa5 18. b3
Qa6 19. Rd2 b5 20. Qc2 Rd7 21. Rfd1 Qb6 22. Bg3 Qc6 23. h3 Red8 24. Nh2 Rb7 25.
Nf1 bxc4 26. bxc4 Rb4 27. Ne3 Qa4 28. Bxd6 Rxd6 29. Rxd6 Bxd6 30. Rxd6 Qxc2 31.
Nxc2 Rxc4 32. Ne3 Ra4 33. Rc6 Rxa2 34. Rxc5 a5 35. Rc7 a4 36. Ra7 a3 37. f3
Ra1+ 38. Kh2 a2 39. Nd5 g5 40. Ra6 Kg7 41. Nc3 Bc4 42. Ra4 h5 43. g3 Rc1 44.
Nxa2 Rc2+ 45. Kg1 Bxa2 46. f4 gxf4 47. gxf4 Be6 48. h4 Rc4 49. Rxc4 Bxc4 50.
Kf2 Bb5 51. Ke3 Bc6 52. f5 Kf6 53. Kf4 Ba4 54. e5+ Ke7 55. Kg5 Bd1 56. Kh6 Bg4
57. Kg5 f6+ 58. exf6+ Kf7 59. Kf4 Kxf6 60. Ke4 Bxf5+ 0-1

[Event "Vellmar Int 4th op  A"]
[Site "Vellmar"]
[Date "2012.07.29"]
[Round "7.33"]
[White "Powalla, Christian"]
[Black "Lehmann, Tornalf"]
[Result "1/2-1/2"]
[WhiteElo "1784"]
[BlackElo "1653"]
[PlyCount "72"]
[EventDate "2012.07.26"]
[EventType "swiss"]
[EventRounds "7"]
[EventCountry "GER"]

{DWZ: 1587 - 1501} 1. e4 Nf6 2. Nc3 e5 3. Bc4 Nc6 4. Nf3 Nxe4 5. Bxf7+ Kxf7 6.
Nxe4 d5 7. Nc3 e4 8. Ng1 Qg5 9. g3 Bg4 10. Nge2 Re8 11. d3 Qe5 12. Bf4 Qe6 13.
dxe4 dxe4 14. Qd5 Qxd5 15. Nxd5 Bxe2 16. Kxe2 Bc5 17. c3 a5 18. Rad1 Ne5 19.
Bxe5 Rxe5 20. Nxc7 Re7 21. Nd5 Rd7 22. Ne3 Rhd8 23. Rxd7+ Rxd7 24. Rd1 Rxd1 25.
Kxd1 Bxe3 26. fxe3 b5 27. Kc2 Ke6 28. b3 Kd5 29. g4 g5 30. a3 h6 31. a4 b4 32.
cxb4 axb4 {(=)} 33. Kd2 Kc5 34. Ke2 Kd5 35. Kf2 Kc5 36. h4 Kd5 1/2-1/2

[Event "Vellmar Int 4th op  A"]
[Site "Vellmar"]
[Date "2012.07.29"]
[Round "7.34"]
[White "Diener, Carolin"]
[Black "Wuestehube, Harry"]
[Result "1/2-1/2"]
[WhiteElo "1739"]
[BlackElo "1934"]
[PlyCount "42"]
[EventDate "2012.07.26"]
[EventType "swiss"]
[EventRounds "7"]
[EventCountry "GER"]

{DWZ: 1659(geb.2000) - 1883} 1. e4 e5 2. Nf3 d6 3. d4 exd4 4. Nxd4 Nf6 5. Nc3
Be7 6. Bd3 Nc6 7. Nf3 O-O 8. Bf4 Nd7 9. Qd2 Nde5 10. Be2 a6 11. Nd5 Re8 12.
O-O-O Bf8 13. h3 Be6 14. g4 Nxf3 15. Bxf3 Ne5 16. Be2 c6 17. Ne3 Qc7 18. Bg3 f6
19. h4 Rad8 20. Rdg1 Qc8 21. g5 Kh8 1/2-1/2